[Event "Amsterdam Fall 2012 KO Open"]
[Site "SchemingMind.com"]
[Date "2012.10.21"]
[Round "-"]
[White "smothered mate"]
[Black "James Reed"]
[Result "1-0"]
[WhiteCountry "POL"]
[BlackCountry "ENG"]
[WhiteElo "2033"]
[WhiteRD "57"]
[BlackElo "1562"]
[BlackRD "60"]
[GameID "319599"]

1. e4 c5 2. Nf3 d6 3. c3 Nf6 4. Be2 Nc6 5. d4 cxd4 6. cxd4 Nxe4 7. d5 Qa5+ 8. Nc3 Nxc3 9. bxc3 Ne5 10. Nxe5 Qxc3+
11. Bd2 Qxe5 12. O-O Qxd5 13. Rb1 Qxa2 14. Bb5+ Bd7 15. Bxd7+ Kxd7 16. Qf3 Rb8 17. Rxb7+ Rxb7 18. Qxb7+ Ke6 19. Re1+ Kf6 20. Qf3+ Kg6
21. Qg4+ Kf6 22. Qg5#
1-0

[Event "Amsterdam Fall 2012 KO Open"]
[Site "SchemingMind.com"]
[Date "2012.10.26"]
[Round "-"]
[White "emvarela"]
[Black "NimbleKnight"]
[Result "1-0"]
[WhiteCountry "ARG"]
[BlackCountry "USA"]
[WhiteElo "1759"]
[WhiteRD "49"]
[BlackElo "1894"]
[BlackRD "75"]
[GameID "319601"]

1. e4 e6 2. d4 d5 3. Nc3 Bb4 4. e5 c5 5. a3 Bxc3+ 6. bxc3 Ne7 7. Qg4 O-O 8. Bd3 f5 9. exf6 Rxf6 10. Bg5 Rf7
11. Bxe7 Qxe7 12. Nf3 g6 13. Ne5 Rf6 14. h4 c4 15. Be2 Qg7 16. h5 Nc6 17. hxg6 hxg6 18. Nxc6 bxc6 19. Kd2 Rxf2 20. Rh2 Rf6
21. Rah1 Bd7 22. Qg5 Rf5 23. Qh6 Qxh6+ 24. Rxh6 Raf8 25. Rxg6+ Kf7 26. Rg3 Ke8 27. Rh7 R5f7 28. Bh5 Ke7 29. Bxf7 Rxf7 30. Rgg7 Be8
31. Rxf7+ Bxf7 32. Ke3 Kf6 33. Kf4 a5 34. g4 a4 35. g5+ Kg6 36. Rh6+ Kg7 37. Ke5 Bg8 38. Kd6 Bf7 39. Kxc6 Be8+ 40. Kd6 Bf7
41. Rxe6 Bxe6 42. Kxe6 Kg6 43. Kxd5 Kxg5 44. Kxc4
1-0

[Event "Amsterdam Fall 2012 KO Open"]
[Site "SchemingMind.com"]
[Date "2012.10.21"]
[Round "-"]
[White "James Reed"]
[Black "smothered mate"]
[Result "0-1"]
[WhiteCountry "ENG"]
[BlackCountry "POL"]
[WhiteElo "1479"]
[WhiteRD "61"]
[BlackElo "2016"]
[BlackRD "53"]
[GameID "319604"]

1. e4 e5 2. Nf3 Nc6 3. Bb5 a6 4. Ba4 Nf6 5. O-O b5 6. Bb3 Be7 7. Re1 O-O 8. c3 d6 9. h3 Na5 10. Bc2 c5
11. d4 cxd4 12. cxd4 Bb7 13. d5 Rc8 14. Nbd2 Nc4 15. Nxc4 bxc4 16. Be3 Nd7 17. Ba4 f5 18. exf5 Rxf5 19. Bxd7 Qxd7 20. Rc1 e4
21. Nd4 Rxd5 22. b4 Bf6 23. a3 Ba8 24. Qe2 Bxd4 25. Rxc4 Bxe3 26. Rxc8+ Qxc8 27. Qxe3 Rd3 28. Qc1 Rc3 29. Qb2 Bd5 30. Rd1 Rd3
31. Rxd3 exd3 32. Qd2 Qc2 33. Qe1 Qe2 34. Qxe2 dxe2
0-1

[Event "Amsterdam Fall 2012 KO Open"]
[Site "SchemingMind.com"]
[Date "2012.10.26"]
[Round "-"]
[White "NimbleKnight"]
[Black "emvarela"]
[Result "1-0"]
[WhiteCountry "USA"]
[BlackCountry "ARG"]
[WhiteElo "1864"]
[WhiteRD "71"]
[BlackElo "1738"]
[BlackRD "51"]
[GameID "319606"]

1. e4 e5 2. Nf3 Nc6 3. Bb5 a6 4. Ba4 Nf6 5. O-O Be7 6. Re1 b5 7. Bb3 O-O 8. c3 d5 9. exd5 Nxd5 10. Nxe5 Nxe5
11. Rxe5 c6 12. d4 Bd6 13. Re1 Qh4 14. g3 Qh3 15. Be3 Bg4 16. Qd3 Rae8 17. Nd2 Re6 18. a4 Qh5 19. axb5 axb5 20. c4 bxc4
21. Bxc4 Bb4 22. Bxd5 Qxd5 23. Qc4 Qxc4 24. Nxc4 Bxe1 25. Rxe1 Bh3 26. Rc1 Rc8 27. Ra1 f6 28. Ra7 Rce8 29. Ra3 g5 30. Ra5 Kf7
31. Ra7+ Kg6 32. Ra5 Rd8 33. Ra1 Rb8 34. Bd2 Rbe8 35. Bc3 Re2 36. Rc1 c5 37. dxc5 Be6 38. Ne3 Bh3 39. b4 f5 40. Nf1 f4
41. b5 fxg3 42. Nxg3 R2e7 43. b6 Rc8 44. Bd4 Rd7 45. Be3 Rc6 46. Rb1 Rb7 47. Ra1 h6 48. Rb1 h5 49. Ra1 Bc8 50. Ne4 Kf5
51. Nd6+
1-0

[Event "Amsterdam Fall 2012 KO Open"]
[Site "SchemingMind.com"]
[Date "2012.10.24"]
[Round "-"]
[White "kenneth m day"]
[Black "Clive Everill"]
[Result "1-0"]
[WhiteCountry "USA"]
[BlackCountry "CZE"]
[WhiteElo "1794"]
[WhiteRD "51"]
[BlackElo "1710"]
[BlackRD "48"]
[GameID "319733"]

1. e4 d5 2. exd5 Qxd5 3. Nc3 Qa5 4. d4 Nf6 5. Nf3 c6 6. Bc4 Bf5 7. Bd2 e6 8. O-O Qb6 9. b3 Bd6 10. Be3 Ng4
11. Bc1 O-O 12. h3 Nf6 13. Be3 Nbd7 14. Na4 Qc7 15. Nc3 Nb6 16. Bd3 Bxd3 17. Qxd3 Nfd5 18. Ng5 g6 19. Bd2 Bf4 20. Nce4 Nd7
21. g3 Bxd2 22. Qxd2 Rfe8 23. Rae1 f6 24. Nf3 e5 25. dxe5 Nxe5 26. Nxe5 Rxe5 27. c4 f5 28. Ng5 Rxe1 29. Rxe1 Nf6 30. Qd4 Qd8
31. Qe5 Qe8 32. Qc3 Qd8 33. Re6 Qd1+ 34. Kg2 Ne4 35. Nxe4 fxe4 36. Rxe4 Rf8 37. Re7 Rf7 38. Re8+ Rf8 39. Rxf8+ Kxf8 40. Qh8+ Kf7
41. Qxh7+ Kf6 42. Qxb7 Qd6 43. Qxa7 Qe6 44. Qd4+ Ke7 45. Qe3
1-0

[Event "Amsterdam Fall 2012 KO Open"]
[Site "SchemingMind.com"]
[Date "2012.10.23"]
[Round "-"]
[White "Clive Everill"]
[Black "kenneth m day"]
[Result "0-1"]
[WhiteCountry "CZE"]
[BlackCountry "USA"]
[WhiteElo "1710"]
[WhiteRD "48"]
[BlackElo "1794"]
[BlackRD "51"]
[GameID "319736"]

1. e4 e5 2. Nc3 Nf6 3. f4 d5 4. fxe5 Nxe4 5. Nf3 Be7 6. Qe2 Nxc3 7. dxc3 O-O 8. Bf4 c5 9. O-O-O Qa5 10. a3 Be6
11. h4 Nc6 12. Qb5 Qxb5 13. Bxb5 Rac8 14. Rdg1 Bg4 15. Nd2 h5 16. g3 a6 17. Bf1 b5 18. Bh3 Be6 19. Nf3 b4 20. cxb4 cxb4
21. a4 d4 22. Rd1 Rfd8 23. Bxe6 fxe6 24. Rhe1 Bc5 25. b3 Na5 26. Bg5 Rd7 27. Nd2 Bb6 28. Ne4 Nxb3+ 29. Kb2 Na5 30. Nd6 Rc3
31. Rd3 Rdc7 32. Re2 Rxd3 33. cxd3 Rc3 34. Rd2 Nb3 35. Rd1 Nc5 36. Bd2 Rxd3 37. Nc4 Bc7 38. a5 Rxg3 39. Bg5 Rb3+ 40. Ka2 d3
41. Rxd3 Rxd3 42. Be7 b3+ 43. Kb2 Na4+ 44. Ka3 b2+ 45. Ka2 Rd1 46. Nxb2 Nxb2 47. Kxb2 Rd5
0-1

[Event "Amsterdam Fall 2012 KO Open"]
[Site "SchemingMind.com"]
[Date "2012.10.24"]
[Round "-"]
[White "lennart"]
[Black "Buckaroo Bob"]
[Result "0-1"]
[WhiteCountry "SWE"]
[BlackCountry "USA"]
[WhiteElo "1502"]
[WhiteRD "54"]
[BlackElo "2116"]
[BlackRD "73"]
[GameID "319766"]

1. e4 c5 2. Nc3 e6 3. Nf3 a6 4. d3 Nc6 5. d4 cxd4 6. Nxd4 Nf6 7. e5 Nxe5 8. h3 Bb4 9. a3 Bxc3+ 10. bxc3 b5
11. Qe2 Qc7 12. Bb2 Nc4 13. Bc1 Bb7 14. Qd3 Qe5+ 15. Be2 Bxg2 16. Nf3 Bxf3 17. Qxf3 d5 18. a4 Ne4 19. Rb1 Nxc3 20. Bf4 Qxe2+
21. Qxe2 Nxe2 22. Kxe2 bxa4 23. Kd3 O-O 24. c3 f6 25. Ra1 a3 26. h4 e5 27. Bc1 Rfb8 28. Rh2 Nb2+ 29. Kc2 Rb5 30. Rxa3 Nc4
31. Ra4 a5 32. h5 h6 33. Kd3 Nb2+
0-1

[Event "Amsterdam Fall 2012 KO Open"]
[Site "SchemingMind.com"]
[Date "2012.10.24"]
[Round "-"]
[White "Buckaroo Bob"]
[Black "lennart"]
[Result "1-0"]
[WhiteCountry "USA"]
[BlackCountry "SWE"]
[WhiteElo "2116"]
[WhiteRD "73"]
[BlackElo "1502"]
[BlackRD "54"]
[GameID "319772"]

1. c4 e5 2. g3 Nc6 3. Bg2 Nd4 4. e3 Nf5 5. Nc3 c6 6. Nf3 Nf6 7. Nxe5 Qe7 8. d4 h6 9. O-O d6 10. Nxc6 Qc7
11. Nb5 Qb6 12. Qf3 Bd7 13. Ncxa7 Rxa7 14. Nxa7 Qxa7 15. Qxb7 Qa5 16. a4 d5 17. c5 Qd8 18. Bxd5 Nxd5 19. Qxd5 Be7 20. e4 Nh4
21. gxh4 Bxh4 22. c6
1-0

[Event "Amsterdam Fall 2012 KO Open"]
[Site "SchemingMind.com"]
[Date "2012.10.26"]
[Round "-"]
[White "Marc Wakeham"]
[Black "aperturaf"]
[Result "0-1"]
[WhiteCountry "WLS"]
[BlackCountry "ESP"]
[WhiteElo "1618"]
[WhiteRD "70"]
[BlackElo "2111"]
[BlackRD "190"]
[GameID "319894"]

1. e4 e6 2. d4 d5 3. Nc3 Nf6 4. e5 Nfd7 5. Nf3 Be7 6. Bd3 c5 7. O-O Nc6 8. Be3 cxd4 9. Bxd4 Nxd4 10. Nxd4 Nxe5
11. Bb5+ Nd7 12. Re1 O-O 13. Re2 a6 14. Bd3 Bd6 15. Re3 h6 16. Qe2 Bc5
0-1

[Event "Amsterdam Fall 2012 KO Open"]
[Site "SchemingMind.com"]
[Date "2012.10.26"]
[Round "-"]
[White "aperturaf"]
[Black "Marc Wakeham"]
[Result "1-0"]
[WhiteCountry "ESP"]
[BlackCountry "WLS"]
[WhiteElo "2111"]
[WhiteRD "190"]
[BlackElo "1618"]
[BlackRD "70"]
[GameID "319895"]

1. e4 d6 2. d4 Nf6 3. Nc3 g6 4. Be2 Bg7 5. Nf3 O-O 6. O-O c5 7. d5 a6 8. a4 Nbd7 9. a5 Ng4 10. Nd2 Nh6
11. Nc4 Ne5 12. Nxe5 dxe5 13. Be3 Qd6 14. Na4 Kh8 15. Bxc5 Qd8 16. Nb6 Rb8 17. d6
1-0

[Event "Amsterdam Fall 2012 KO Open"]
[Site "SchemingMind.com"]
[Date "2012.10.29"]
[Round "-"]
[White "abdre1"]
[Black "Savage72"]
[Result "0-1"]
[WhiteCountry "USA"]
[BlackCountry "NED"]
[WhiteElo "1524"]
[WhiteRD "106"]
[BlackElo "1657"]
[BlackRD "63"]
[GameID "319977"]

1. d4 d5 2. Nf3 Nf6 3. e3 c6 4. Bd3 Bg4 5. O-O e6 6. b3 Bd6 7. Bb2 Nbd7 8. Nbd2 Qc7 9. Qe1 h5 10. c4 dxc4
11. bxc4 e5 12. c5 Be7 13. Rc1 Bxf3 14. Nxf3 e4 15. Qe2 exd3 16. Qxd3 O-O-O 17. g3 Nxc5 18. Qf5+ Qd7 19. Rxc5 Bxc5 20. Qxc5 Kb8
21. Ba3 Qd5 22. Qxd5 Nxd5 23. Bb2 f6 24. h4 Rdg8 25. Kh2 g5 26. Rg1 Nb4 27. a3 Nd3 28. Bc3 Nxf2 29. d5 gxh4 30. Bxf6 Ng4+
31. Kh3 Nxf6 32. dxc6 Rxg3+ 33. Kxh4 Rxg1 34. Nxg1 bxc6 35. Ne2 Re8 36. Nd4 Kc7 37. Nf5 Rg8 38. Nh6 Rg1 39. Nf5 Kb6 40. e4 Rg4+
41. Kh3 Nxe4 42. Nh4 Nf2+ 43. Kh2 Rxh4+ 44. Kg3 Rg4+ 45. Kxf2 Kc5
0-1

[Event "Amsterdam Fall 2012 KO Open"]
[Site "SchemingMind.com"]
[Date "2012.10.28"]
[Round "-"]
[White "John Hamer"]
[Black "Teagy"]
[Result "1-0"]
[WhiteCountry "ENG"]
[BlackCountry "ENG"]
[WhiteElo "2022"]
[WhiteRD "65"]
[BlackElo "1749"]
[BlackRD "74"]
[GameID "319978"]

1. d4 Nf6 2. Nf3 c5 3. d5 d6 4. c4 e6 5. Nc3 exd5 6. cxd5 g6 7. Bf4 Bg7 8. Qa4+ Bd7 9. Qb3 Bc8 10. e4 O-O
11. Bd3 a6 12. a4 Re8 13. O-O Nh5 14. Be3 Nd7 15. a5 Rb8 16. Qc2 b5 17. axb6 Rxb6 18. Ra2 Ne5 19. Nxe5 Bxe5 20. f4 Bg7
21. e5 Rb4 22. Ne4 dxe5 23. Bxc5 Rxe4 24. Bxe4 f5 25. Bd3 Nxf4 26. Bc4 Kh8 27. d6 Ne6 28. Bxa6 Bd7 29. b4 Bc6 30. Rd1 Nd4
31. Bxd4 exd4 32. Qxc6
1-0

[Event "Amsterdam Fall 2012 KO Open"]
[Site "SchemingMind.com"]
[Date "2012.10.29"]
[Round "-"]
[White "Vladimir2011"]
[Black "fourluxflakes"]
[Result "0-1"]
[WhiteCountry "BLR"]
[BlackCountry "ENG"]
[WhiteElo "1956"]
[WhiteRD "93"]
[BlackElo "1951"]
[BlackRD "89"]
[GameID "319980"]

1. d4 c5 2. d5 f5 3. b3 Nf6 4. Bb2 d6 5. e3 e5 6. dxe6 Bxe6 7. Bd3 Be7 8. Ne2 O-O 9. Ng3 Ne4 10. Nxe4 fxe4
11. Bxe4 d5 12. Bf3 Nc6 13. Nc3 d4 14. Ne2 dxe3 15. fxe3 Bh4+ 16. Ng3 Bxg3+ 17. hxg3 Qg5 18. Qe2 Qxg3+ 19. Qf2 Qxf2+ 20. Kxf2 Nb4
21. Ke2 Rae8 22. Bxb7 Nxc2 23. Rac1 Bg4+ 24. Bf3 Nxe3 25. Kd2 Bxf3 26. gxf3 Rxf3 27. Rxc5 Rf2+ 28. Kc1 Nf1 29. Bc3 Ng3 30. Rd1 Ne2+
31. Kb1 Nxc3+ 32. Rxc3 h5 33. Rg1 Re7 34. Rc5 Rh2 35. a4 Kh7 36. b4 g6 37. b5 h4 38. Rc6 Rg7 39. a5 h3 40. b6 axb6
41. axb6 Rg2 42. Rcc1 Rxg1 43. Rxg1 g5 44. Kc2 Kh6 45. Rg3 g4 46. b7 Rxb7 47. Rxg4 Kh5 48. Rd4 Rg7
0-1

[Event "Amsterdam Fall 2012 KO Open"]
[Site "SchemingMind.com"]
[Date "2012.10.30"]
[Round "-"]
[White "Savage72"]
[Black "abdre1"]
[Result "1-0"]
[WhiteCountry "NED"]
[BlackCountry "USA"]
[WhiteElo "1660"]
[WhiteRD "65"]
[BlackElo "1505"]
[BlackRD "107"]
[GameID "319983"]

1. e4 e5 2. Bc4 Nf6 3. d4 Bd6 4. Nf3 O-O 5. dxe5 Nxe4 6. exd6 Nxd6 7. Bb3 b6 8. O-O Bb7 9. Nc3 Qf6 10. Bd5 a6
11. Bg5 Qf5 12. Bxb7 Nxb7 13. Qd5 Qxd5 14. Nxd5 Nc6 15. Nxc7 Ra7 16. Nd5 h6 17. Be3 Nd6 18. Bxb6 Rb7 19. Bc5 Rb5 20. Bxd6 Rxd5
21. Bxf8 Kxf8 22. Rfe1 g6 23. Rad1 Rb5 24. Rb1 Kg7 25. Red1 Rb7 26. c3 Na7 27. Rd6 Nc6 28. b4 Rc7 29. Rbd1 Nb8 30. R1d3 f6
31. a4 h5 32. b5 axb5 33. axb5 Ra7 34. h3 Ra1+ 35. Kh2 Rb1 36. c4 Rb2 37. Rd2 Rb4 38. Rc2 Ra4 39. Nd2 g5 40. Ne4 Ra1
41. Nc5 Re1 42. Nxd7 Nxd7 43. Rxd7+ Kg6 44. b6 Re8 45. b7 Rb8 46. c5 g4 47. c6 gxh3 48. gxh3 h4 49. c7 Rxb7 50. c8=Q Rxd7
51. Qxd7 Kg5 52. Qg4+ Kh6 53. Rc7 f5 54. Qg8 Kh5 55. Rh7#
1-0

[Event "Amsterdam Fall 2012 KO Open"]
[Site "SchemingMind.com"]
[Date "2012.10.28"]
[Round "-"]
[White "Teagy"]
[Black "John Hamer"]
[Result "1/2-1/2"]
[WhiteCountry "ENG"]
[BlackCountry "ENG"]
[WhiteElo "1749"]
[WhiteRD "74"]
[BlackElo "2022"]
[BlackRD "65"]
[GameID "319984"]

1. e4 c6 2. d3 e5 3. Nd2 Nf6 4. Ngf3 d6 5. g3 Be7 6. Bg2 O-O 7. O-O Qc7 8. Re1 Nbd7 9. h4 Nc5 10. Nh2 Be6
11. Ndf1 a5 12. Ne3 d5 13. Nf5 dxe4 14. dxe4 Rad8 15. Nxe7+ Qxe7 16. Qe2 Rd4 17. f3 Rfd8 18. b3 b6 19. Be3 R4d6 20. Rad1 Qd7
21. Rxd6 Qxd6 22. Qf2 a4 23. Bf1 Qe7 24. Be2 Ra8 25. Rd1 axb3 26. axb3 Ra2 27. Rd2 Nfxe4 28. Bxc5 Nxc5 29. Nf1 Bf5 30. Bd1 b5
31. Ne3 Be6 32. g4= Ra1 33. Kg2 b4 34. Re2 Nd7 35. Kg3 Qc5 36. Rd2 g6 37. Be2=
1/2-1/2

[Event "Amsterdam Fall 2012 KO Open"]
[Site "SchemingMind.com"]
[Date "2012.10.29"]
[Round "-"]
[White "fourluxflakes"]
[Black "Vladimir2011"]
[Result "1/2-1/2"]
[WhiteCountry "ENG"]
[BlackCountry "BLR"]
[WhiteElo "1956"]
[WhiteRD "101"]
[BlackElo "1937"]
[BlackRD "100"]
[GameID "319986"]

1. Nc3 d5 2. e4 d4 3. Nce2 e5 4. Nf3 Bd6 5. Ng3 Ne7 6. Bc4 O-O 7. O-O h6 8. d3 Kh7 9. c3 c5 10. Nh4 f5
11. f4 exf4 12. Ngxf5 Nxf5 13. Nxf5 Bxf5 14. exf5 Rxf5 15. Qf3 Nc6 16. Qe4 g6 17. Bxf4 Bxf4 18. Rxf4 Qg5 19. Rxf5 Qxf5 20. Qxf5 gxf5
21. Re1 Kg7 22. Bd5 Rd8 23. Bxc6 bxc6 24. c4 Kf6 25. Kf2 a5 26. Kf3 a4 27. Kf4 Rg8 28. Re2 h5 29. g3= Rg4+ 30. Kf3 Rg8
31. Kf4 Rg4+ 32. Kf3 Rg8 33. Kf4 Rg4+ 34. Kf3
1/2-1/2

[Event "Amsterdam Fall 2012 KO Open"]
[Site "SchemingMind.com"]
[Date "2012.10.29"]
[Round "-"]
[White "NYNH"]
[Black "Iucounu"]
[Result "1-0"]
[WhiteCountry "USA"]
[BlackCountry "ENG"]
[WhiteElo "2070"]
[WhiteRD "65"]
[BlackElo "1450"]
[BlackRD "53"]
[GameID "320039"]

1. d4 d5 2. Nf3 Nc6 3. c4 e6 4. Nc3 Nf6 5. Bg5 Be7 6. e3 h6 7. Bh4 O-O 8. Rc1 b6 9. cxd5 exd5 10. Bd3 Bg4
11. O-O Qd7 12. Qa4 Rfe8 13. Bb5 Bxf3 14. gxf3 Red8 15. Bxc6 Qh3 16. Bg3 Bd6 17. Bxa8 Bxg3 18. fxg3 Rxa8 19. Qc6 Rc8 20. Nxd5 Nxd5
21. Qxd5 Qe6 22. Qxe6 fxe6 23. Rc6 Kf7 24. Rfc1 Ke7 25. Rxc7+
1-0

[Event "Amsterdam Fall 2012 KO Open"]
[Site "SchemingMind.com"]
[Date "2012.10.29"]
[Round "-"]
[White "Iucounu"]
[Black "NYNH"]
[Result "0-1"]
[WhiteCountry "ENG"]
[BlackCountry "USA"]
[WhiteElo "1450"]
[WhiteRD "53"]
[BlackElo "2070"]
[BlackRD "65"]
[GameID "320045"]

1. e4 c5 2. Nf3 d6 3. d4 cxd4 4. Nxd4 Nf6 5. Nc3 g6 6. Be3 Bg7 7. f3 O-O 8. Qd2 Nc6 9. O-O-O d5 10. exd5 Nb4
11. Nb3 Bf5 12. Bd3 Nxd3+ 13. cxd3 Nxd5 14. Bd4 Nb4 15. Ne4 Nxa2+ 16. Kb1 Bxd4 17. Nxd4 Qxd4 18. Kxa2 Rfd8 19. Rhe1 Rac8 20. Re2 Be6+
21. Kb1 Bb3 22. Rc1 Rxc1+ 23. Kxc1 Qxd3 24. Qxd3 Rxd3 25. Rd2 Rxd2 26. Nxd2 Bd5 27. b3 e5 28. Kb2 Kf8 29. Nc4 Bxc4 30. bxc4 Ke7
31. Kb3 Kd6 32. Kb4 Kc6
0-1

[Event "Amsterdam Fall 2012 KO Open"]
[Site "SchemingMind.com"]
[Date "2012.10.30"]
[Round "-"]
[White "spoke"]
[Black "maro"]
[Result "1-0"]
[WhiteCountry "GER"]
[BlackCountry "MEX"]
[WhiteElo "1789"]
[WhiteRD "68"]
[BlackElo "1271"]
[BlackRD "65"]
[GameID "320122"]

1. e4 e5 2. Nf3 Nc6 3. Bc4 d6 4. d4 Qe7 5. Nc3 Nf6 6. Bg5 Qd8 7. dxe5 dxe5 8. Qxd8+ Nxd8 9. Nxe5 Be6 10. O-O-O Be7
11. f4 O-O 12. f5 Bxc4 13. Nxc4 h6 14. Bxf6 Bxf6 15. Nd5 Bg5+ 16. Kb1 b5 17. Nd2 c6 18. Nb4 a5 19. Nd3 f6 20. h4 Be3
21. Rh3 Bxd2 22. Rxd2 Nf7 23. Nc5 Ne5 24. Ne6 Rfe8 25. b3 b4 26. h5 Nf7 27. g4 Ng5 28. Nxg5 fxg5 29. Re3 c5 30. e5 Ra7
31. e6 Kf8 32. Red3 Ke7 33. Rd7+ Rxd7 34. Rxd7+ Kf6 35. c4 bxc3 36. Kc2 Ke5= 37. Rxg7 Kf6 38. Rd7 Rf8 39. Kxc3
1-0

[Event "Amsterdam Fall 2012 KO Open"]
[Site "SchemingMind.com"]
[Date "2012.10.30"]
[Round "-"]
[White "Stauffenberg"]
[Black "Phillip Beckett"]
[Result "1/2-1/2"]
[WhiteCountry "ITA"]
[BlackCountry "ENG"]
[WhiteElo "1833"]
[WhiteRD "98"]
[BlackElo "1628"]
[BlackRD "47"]
[GameID "320126"]

1. e4 e5 2. Nf3 Nc6 3. Bc4 Nf6 4. d3 Be7 5. O-O d6 6. c3 h6 7. h3 O-O 8. Re1 Na5 9. Bb3 Nxb3 10. Qxb3 b6
11. Be3 Be6 12. Qc2 Nh7 13. Nbd2 f5 14. exf5 Bxf5 15. Nf1 Ng5 16. Nxg5 Bxg5 17. Bxg5 Qxg5 18. Ng3 Bd7 19. Qe2 Rae8 20. Qe4 Rf4
21. Qe3 Ref8 22. Rf1 Qh4 23. Ne2 Rf3 24. Qe4 Qg5 25. Ng3 R3f4 26. Qe3 Qh4 27. Ne2 Rf3 28. Qe4 Qxe4 29. dxe4 R3f7 30. f3 Bb5
31. Rfe1 Bxe2=
1/2-1/2

[Event "Amsterdam Fall 2012 KO Open"]
[Site "SchemingMind.com"]
[Date "2012.10.30"]
[Round "-"]
[White "maro"]
[Black "spoke"]
[Result "0-1"]
[WhiteCountry "MEX"]
[BlackCountry "GER"]
[WhiteElo "1343"]
[WhiteRD "64"]
[BlackElo "1780"]
[BlackRD "68"]
[GameID "320127"]

1. e4 e5 2. Nf3 Nc6 3. Nc3 Nf6 4. Bc4 Nxe4 5. Nxe4 d5 6. Bb5 dxe4 7. Nxe5 Qd5 8. Qh5 g6 9. Qg5 Qxb5 10. f4 Bg7
11. d4 Nxd4 12. Kd1 Qe2#
0-1

[Event "Amsterdam Fall 2012 KO Open"]
[Site "SchemingMind.com"]
[Date "2012.10.30"]
[Round "-"]
[White "Phillip Beckett"]
[Black "Stauffenberg"]
[Result "0-1"]
[WhiteCountry "ENG"]
[BlackCountry "ITA"]
[WhiteElo "1591"]
[WhiteRD "47"]
[BlackElo "1850"]
[BlackRD "87"]
[GameID "320131"]

1. e4 d5 2. exd5 Qxd5 3. Nc3 Qa5 4. Nf3 Nf6 5. Be2 Bf5 6. O-O e6 7. Nd4 Bg6 8. d3 Bd6 9. Nb3 Qb4 10. Bd2 Be7
11. Nd5 Qd6 12. Nxe7 Qxe7 13. Bc3 O-O 14. Bf3 c6 15. Qe2 Nbd7 16. Rad1 h6 17. Nd4 Nd5 18. Qd2 Ne5 19. Bxd5 exd5 20. Rde1 Qc7
21. Qe3 Rfe8 22. Qg3 Qb8 23. f4 Nd7 24. Rxe8+ Qxe8 25. f5 Bh7 26. Re1 Qf8 27. Qc7 Qc8 28. Qxc8+ Rxc8 29. Re7 Rd8 30. Nf3 Bxf5
31. Re1 f6 32. Nd4 Bh7 33. Kf2 Kf7 34. Ne6 Re8 35. Nf4 Rxe1 36. Kxe1 Ne5 37. Bxe5 fxe5 38. Nh3 Kf6 39. Ke2 Bf5 40. Nf2 h5
41. h3 h4 42. Kf3 Kg5 43. Nd1 Bg6 44. Nf2 a6 45. Ng4 Bh5 46. c3 Bxg4+ 47. hxg4 e4+ 48. dxe4 dxe4+ 49. Kxe4 Kxg4 50. a4 Kg3
0-1

[Event "Amsterdam Fall 2012 KO Open"]
[Site "SchemingMind.com"]
[Date "2012.11.02"]
[Round "-"]
[White "Andoni Zabala"]
[Black "abuteague"]
[Result "0-1"]
[WhiteCountry "INT"]
[BlackCountry "USA"]
[WhiteElo "1695"]
[WhiteRD "100"]
[BlackElo "1694"]
[BlackRD "77"]
[GameID "320453"]

1. e4 c6 2. d4 d5 3. Nc3 dxe4 4. Nxe4 Nd7 5. Bd3 Ngf6 6. Ne2 Nxe4 7. Bxe4 Nf6 8. Bf3 Bf5 9. O-O e6 10. c4 Bb4
11. a3 Ba5 12. b4 Bc7 13. Bb2 O-O 14. Qb3 Qd6 15. Rad1 Qxh2#
0-1

[Event "Amsterdam Fall 2012 KO Open"]
[Site "SchemingMind.com"]
[Date "2012.11.04"]
[Round "-"]
[White "Scooter"]
[Black "Holty"]
[Result "0-1"]
[WhiteCountry "USA"]
[BlackCountry "ENG"]
[WhiteElo "1764"]
[WhiteRD "51"]
[BlackElo "1708"]
[BlackRD "55"]
[GameID "320454"]

1. d4 d5 2. Nf3 Nf6 3. Bf4 Nc6 4. e3 Bg4 5. Be2 e6 6. h3 Bf5 7. O-O Bd6 8. Bxd6 cxd6 9. Nbd2 h6 10. c4 dxc4
11. Nxc4 O-O 12. a3 b5 13. Ncd2 a6 14. b4 Rc8 15. Nb3 Nd5 16. Rc1 Be4 17. Bd3 f5 18. Bxe4 fxe4 19. Nfd2 Nf6 20. f3 Nh5
21. Nxe4 Ne7 22. f4 Rxc1 23. Nxc1 g6 24. Qb3 Ng7 25. Nd3 Nef5 26. Ndf2 Qc7 27. Ng4 Kh7 28. Qc3 Qxc3 29. Nxc3 h5 30. Nf2 Nxe3
31. Re1 Nc4 32. Nfe4 Rxf4 33. Ng5+ Kh6 34. Nxe6 Nxe6 35. Rxe6 Rxd4 36. Ne4 d5 37. Nc5 Nxa3 38. Rxa6 Nc2 39. Ne6 Rxb4 40. Nc7 Rc4
41. Nxb5 d4 42. Rd6 Rb4 43. Rd5 h4 44. Kf2 d3 45. Nc3 Rf4+ 46. Kg1 Nd4 47. Kh2 g5 48. g3 hxg3+ 49. Kxg3 Kh5 50. Nb5 Nf5+
51. Kg2 Ne3+
0-1

[Event "Amsterdam Fall 2012 KO Open"]
[Site "SchemingMind.com"]
[Date "2012.11.06"]
[Round "-"]
[White "SAMAEL"]
[Black "clario"]
[Result "0-1"]
[WhiteCountry "CAN"]
[BlackCountry "RSA"]
[WhiteElo "1719"]
[WhiteRD "55"]
[BlackElo "2099"]
[BlackRD "70"]
[GameID "320456"]

1. Nf3 d5 2. e3 Nf6 3. Be2 e6 4. O-O Nc6 5. d4 Bd6 6. c4 O-O 7. Nc3 Bd7 8. Bd2 dxc4 9. Bxc4 a6 10. a3 Re8
11. Rc1 h6 12. h3 Rb8 13. Bd3 e5 14. dxe5 Nxe5 15. Nxe5 Rxe5 16. f4 Re7 17. Re1 Be6 18. e4 Rd7 19. Be3 Be7 20. Qc2 Rxd3
21. Rcd1 Rd7 22. f5 Bc4 23. Rxd7 Qxd7 24. Rd1 Qc6 25. g4 a5 26. Qg2 Bxa3 27. bxa3 Re8 28. Kf2 Bf1 29. Qxf1 Qxc3 30. Qd3 Nxe4+
31. Kf3 Qc6 32. Qd5 Qc2 33. Qd3 Qh2 34. Rg1 Qxh3+ 35. Ke2 Nd6 36. Kd2 Rxe3 37. Qf1 Ne4+ 38. Kc2 Rc3+ 39. Kb2 Rb3+
0-1

[Event "Amsterdam Fall 2012 KO Open"]
[Site "SchemingMind.com"]
[Date "2012.11.02"]
[Round "-"]
[White "abuteague"]
[Black "Andoni Zabala"]
[Result "0-1"]
[WhiteCountry "USA"]
[BlackCountry "INT"]
[WhiteElo "1704"]
[WhiteRD "75"]
[BlackElo "1702"]
[BlackRD "99"]
[GameID "320457"]

1. d4 Nf6 2. Bg5 Ne4 3. Bf4 c5 4. f3 e5 5. Bxe5 d6 6. Bf4 g5 7. Bc1 Nf2 8. Kxf2 d5 9. e3 c4 10. Ne2 g4
11. Ng3 h5 12. Rg1 h4 13. Nh1 Bd6 14. Be2 g3+ 15. hxg3 hxg3+ 16. Nxg3 Bxg3+ 17. Kf1 Qh4 18. Nc3 Be6 19. Bd2 Bf2 20. Be1 Bg3
21. Bxg3 Qxg3 22. Qe1 Qg7 23. Nb5 Kd7 24. Qb4 Qg3 25. Qc5 Na6 26. Qa3 Rh2 27. e4 Rah8 28. Nxa7 Rxg2 29. Qa4+ Kd8 30. Qa5+ Nc7
0-1

[Event "Amsterdam Fall 2012 KO Open"]
[Site "SchemingMind.com"]
[Date "2012.11.05"]
[Round "-"]
[White "Holty"]
[Black "Scooter"]
[Result "1-0"]
[WhiteCountry "ENG"]
[BlackCountry "USA"]
[WhiteElo "1708"]
[WhiteRD "55"]
[BlackElo "1764"]
[BlackRD "51"]
[GameID "320458"]

1. d4 Nf6 2. c4 e6 3. Nc3 d5 4. cxd5 Nxd5 5. e4 Nxc3 6. bxc3 Nd7 7. Bd3 b6 8. Nf3 Bb7 9. O-O Be7 10. Re1 O-O
11. Bf4 c5 12. a4 cxd4 13. cxd4 Nf6 14. Rc1 Rc8 15. Rxc8 Qxc8 16. Qc1 Qxc1 17. Rxc1 Bxe4 18. Be2 Nd5 19. Bd2 Bb4 20. Bxb4 Nxb4
21. Rc7 a5 22. Ne5 Nd5 23. Rc1 f6 24. f3 fxe5 25. fxe4 Nf4 26. Bg4 h5 27. Bd1 exd4 28. g3 Nd3 29. Rc6 Nf2 30. Bb3 Kh8
31. Rxe6 d3 32. e5 d2 33. Rd6 Ne4 34. Rd4 Nc5 35. Bd1 Re8 36. Bc2 Kg8 37. Bg6 Nb3 38. Rd3 Rc8 39. Bxh5 Rc5 40. Bd1 Na1
41. Rxd2 Rxe5 42. Kg2 Re3 43. Ra2 Nb3 44. Rb2 Nc5 45. Rxb6 Ra3 46. Rb5 Nxa4 47. Rxa5 Ra2+ 48. Kh3 Nc3 49. Bb3+
1-0

[Event "Amsterdam Fall 2012 KO Open"]
[Site "SchemingMind.com"]
[Date "2012.11.06"]
[Round "-"]
[White "clario"]
[Black "SAMAEL"]
[Result "1-0"]
[WhiteCountry "RSA"]
[BlackCountry "CAN"]
[WhiteElo "2099"]
[WhiteRD "70"]
[BlackElo "1719"]
[BlackRD "55"]
[GameID "320460"]

1. d4 Nf6 2. c4 e6 3. Nc3 h6 4. e4 Be7 5. e5 Nh7 6. Qg4 Bf8 7. Nf3 Nc6 8. Be2 d6 9. O-O Bd7 10. Be3 dxe5
11. Nxe5 Qf6 12. Nxd7 Kxd7 13. d5 Ne5 14. Qe4 Ng6 15. dxe6+ fxe6 16. Qxb7 Bd6 17. Rad1 Rab8 18. Rxd6+
1-0